|
|
|
|
| LEADER |
00827nab a2200217 i 4500 |
| 001 |
publ32656 |
| 005 |
20250415092037.0 |
| 008 |
250415s1990 hu o 000 eng d |
| 022 |
|
|
|a 0301-5564
|
| 024 |
7 |
|
|a 10.1007/BF00266453
|2 doi
|
| 024 |
7 |
|
|a 1861035
|2 mtmt
|
| 040 |
|
|
|a SZTE Publicatio Repozitórium
|b hun
|
| 041 |
|
|
|a eng
|
| 100 |
1 |
|
|a Nógrádi Antal
|
| 245 |
1 |
0 |
|a Light microscopic histochemistry of the postnatal development and localization of carbonic anhydrase activity in glial and neuronal cell types of the rat central nervous system
|h [elektronikus dokumentum] /
|c Nógrádi Antal
|
| 260 |
|
|
|c 1990
|
| 300 |
|
|
|a 441-447
|
| 490 |
0 |
|
|a HISTOCHEMISTRY
|v 94 No. 4
|
| 650 |
|
4 |
|a Klinikai orvostan
|
| 700 |
0 |
1 |
|a Mihály András
|e aut
|
| 856 |
4 |
0 |
|u http://publicatio.bibl.u-szeged.hu/32656/1/aok_klny_517_90.pdf
|z Dokumentum-elérés
|